[Event "London Chess Classic: Blitz B"]
[Site "London"]
[Date "2019.12.08"]
[Round "3"]
[White "Fink Nunn, Petra"]
[Black "Zhao, Haolin"]
[Result "1/2-1/2"]
[WhiteElo "1908"]
[BlackElo "1725"]
[PlyCount "61"]
[EventDate "2019.12.08"]
[EventType "swiss (blitz)"]
[EventRounds "11"]
[EventCountry "ENG"]
[SourceTitle "EXT 2021"]
[Source "ChessBase"]
[SourceDate "2020.10.23"]
[SourceVersion "1"]
[SourceVersionDate "2020.10.23"]
[SourceQuality "1"]

1. e4 c5 2. Nf3 g6 3. c4 Nc6 4. d4 cxd4 5. Nxd4 Nf6 6. Nc3 Nxd4 7. Qxd4 Bg7 8. Qd1 0-0 9. Be2 d6 10. 0-0 Be6 11. Be3 a6 12. Qd2 Nd7 13. Rac1 Rb8 14. Rfd1 Qa5 15. b3 Rfc8 16. f4 b5 17. Nd5 Qxd2 18. Rxd2 Kf8 19. Rdc2 bxc4 20. Bxc4 a5 21. h3 Bxd5 22. Bxd5 Rxc2 23. Rxc2 e6 24. Bc6 Nc5 25. Bxc5 dxc5 26. Rc4 Bd4+ 27. Kf1 Rb4 28. Rxb4 axb4 29. Ke2 Ke7 30. Bb5 f6 31. Kd3 1/2-1/2

[Event "London Chess Classic: Blitz B"]
[Site "London"]
[Date "2019.12.08"]
[Round "1"]
[White "Grover, Sahaj"]
[Black "Zhao, Haolin"]
[Result "1-0"]
[WhiteElo "2486"]
[BlackElo "1725"]
[PlyCount "123"]
[EventDate "2019.12.08"]
[EventType "swiss (blitz)"]
[EventRounds "11"]
[EventCountry "ENG"]
[SourceTitle "EXT 2021"]
[Source "ChessBase"]
[SourceDate "2020.10.23"]
[SourceVersion "1"]
[SourceVersionDate "2020.10.23"]
[SourceQuality "1"]

1. e4 e5 2. Nf3 Qe7 3. Nc3 Nc6 4. Bc4 g6 5. d3 Bg7 6. Bg5 Nf6 7. Nd5 Qd8 8. Qd2 h6 9. Nxf6+ Bxf6 10. Bxh6 d6 11. h3 Be6 12. Bxe6 fxe6 13. Bg5 Qe7 14. Bxf6 Qxf6 15. Qg5 Qxg5 16. Nxg5 Ke7 17. h4 Rag8 18. c3 Nd8 19. Ke2 Nf7 20. Nxf7 Kxf7 21. Raf1 g5 22. hxg5 Rxh1 23. Rxh1 Kg6 24. Rh6+ Kxg5 25. Rxe6 Rg7 26. g3 Rf7 27. Re8 b6 28. b4 c5 29. b5 Rd7 30. a4 Kf6 31. Ke3 Kf7 32. Rc8 Ke6 33. Re8+ Kf7 34. Rh8 Kg6 35. f4 exf4+ 36. gxf4 d5 37. exd5 Rxd5 38. Ke4 Rd7 39. d4 cxd4 40. cxd4 Re7+ 41. Kd5 Rd7+ 42. Ke5 Kg7 43. Ra8 Re7+ 44. Kd6 Rf7 45. d5 Rxf4 46. Rxa7+ Kg6 47. Kc6 Rf6+ 48. d6 Kf5 49. Re7 Rf8 50. d7 Ra8 51. Re8 Rxa4 52. d8Q Rc4+ 53. Kxb6 Rf4 54. Qd7+ Kg5 55. Rg8+ Kf6 56. Qd6+ Kf5 57. Rf8+ Kg5 58. Rxf4 Kh5 59. Qe5+ Kg6 60. Rf6+ Kg7 61. Qe7+ Kg8 62. Rf8# 1-0

[Event "London Classic op 11th"]
[Site "London"]
[Date "2019.12.04"]
[Round "7"]
[White "Zhao, Haolin"]
[Black "Kumar, Sanjit S"]
[Result "1-0"]
[WhiteElo "1842"]
[BlackElo "1469"]
[PlyCount "173"]
[EventDate "2019.11.29"]
[EventType "swiss"]
[EventRounds "9"]
[EventCountry "ENG"]
[SourceTitle "CBM 193 Extra"]
[Source "ChessBase"]
[SourceDate "2020.01.31"]
[SourceVersion "1"]
[SourceVersionDate "2020.01.31"]
[SourceQuality "1"]

1. e4 e5 2. Nf3 Nc6 3. Bb5 a6 4. Bxc6 dxc6 5. 0-0 Bd6 6. d4 exd4 7. Qxd4 f6 8. Nc3 Ne7 9. Re1 Ng6 10. Qc4 Ne5 11. Nxe5 fxe5 12. Be3 Qf6 13. Rad1 Be6 14. Qe2 0-0 15. a3 Rad8 16. Na4 Qg6 17. f3 b6 18. Nc3 a5 19. Qf2 Rf7 20. Kh1 Qh5 21. Ne2 Rdf8 22. Ng3 Qg6 23. b3 Bxa3 24. Rd3 Bd6 25. Bxb6 Ra8 26. Bc5 Bc8 27. Red1 Rd7 28. R3d2 Bxc5 29. Qxc5 Rxd2 30. Rxd2 Qf6 31. Qc4+ Qe6 32. Rd8+ Kf7 33. Qxe6+ Kxe6 34. Kg1 Bb7 35. Rxa8 Bxa8 36. Kf2 c5 37. Nf5 g6 38. Ne3 Bc6 39. Nc4 a4 40. bxa4 Bxa4 41. Ne3 h5 42. h4 Bc6 43. Nc4 Bb5 44. Nd2 Ba4 45. c3 Bb5 46. Ke1 Kf6 47. Kd1 g5 48. g3 gxh4 49. gxh4 Ke6 50. Ke1 Kf6 51. Nf1 Be8 52. Ne3 Bc6 53. Kf2 Bb7 54. Nc4 Ba6 55. Nb2 Bb5 56. Ke3 Ke6 57. f4 Kf6 58. Nd1 Bd7 59. Nf2 Bc8 60. Nd3 exf4+ 61. Kxf4 c4 62. Ne5 Be6 63. Nf3 Bg4 64. Nd4 Be6 65. Nxe6 Kxe6 66. e5 c6 67. Ke4 c5 68. Kf4 Ke7 69. Kf5 Kf7 70. e6+ Ke7 71. Ke5 Ke8 72. Kd6 Kd8 73. Kxc5 Ke7 74. Kxc4 Kxe6 75. Kd4 Kf5 76. c4 Kg4 77. c5 Kxh4 78. c6 Kg3 79. c7 h4 80. c8Q h3 81. Qc6 Kh2 82. Qf3 Kg1 83. Qg3+ Kf1 84. Qxh3+ Ke2 85. Qg2+ Kd1 86. Kd3 Kc1 87. Qc2# 1-0

[Event "London Classic op 11th"]
[Site "London"]
[Date "2019.11.30"]
[Round "3"]
[White "Grigoryan, Meri"]
[Black "Zhao, Haolin"]
[Result "1-0"]
[WhiteElo "2050"]
[BlackElo "1842"]
[PlyCount "87"]
[EventDate "2019.11.29"]
[EventType "swiss"]
[EventRounds "9"]
[EventCountry "ENG"]
[SourceTitle "CBM 193 Extra"]
[Source "ChessBase"]
[SourceDate "2020.01.31"]
[SourceVersion "1"]
[SourceVersionDate "2020.01.31"]
[SourceQuality "1"]

1. d4 Nf6 2. Nf3 e6 3. Bf4 c5 4. c3 Nc6 5. e3 b6 6. Na3 cxd4 7. Nb5 d6 8. Nfxd4 Nxd4 9. cxd4 a6 10. Qf3 Rb8 11. Nc3 Bb7 12. e4 Be7 13. Bd3 b5 14. 0-0 0-0 15. Qh3 Ne8 16. e5 g6 17. Bh6 Ng7 18. Rad1 Bg5 19. Ne4 Bxe4 20. Bxe4 d5 21. Bb1 Qe7 22. Bxg7 Kxg7 23. f4 Bh6 24. g4 g5 25. Qd3 Rh8 26. f5 Kg8 27. f6 Qd7 28. Rf3 Bf8 29. h4 Bb4 30. hxg5 Qb7 31. Rh3 Kf8 32. a3 Ba5 33. Rxh7 Rg8 34. g6 Bb6 35. Rxf7+ Qxf7 36. gxf7 Rxg4+ 37. Kh2 Rh4+ 38. Kg3 Re4 39. Qd2 Kxf7 40. Bxe4 dxe4 41. Rh1 Rg8+ 42. Kf4 Kf8 43. Qb4+ Ke8 44. Qe7# 1-0

[Event "London Classic op 10th"]
[Site "London"]
[Date "2018.12.10"]
[Round "2"]
[White "Zhao, Haolin"]
[Black "Longson, Sarah N"]
[Result "1/2-1/2"]
[WhiteElo "1765"]
[BlackElo "2137"]
[PlyCount "114"]
[EventDate "2018.12.09"]
[EventType "swiss"]
[EventRounds "9"]
[EventCountry "ENG"]
[SourceTitle "CBM 187 Extra"]
[Source "ChessBase"]
[SourceDate "2018.11.04"]
[SourceVersion "1"]
[SourceVersionDate "2018.11.04"]
[SourceQuality "1"]

1. e4 e5 2. Nf3 Nc6 3. Bb5 a6 4. Bxc6 dxc6 5. 0-0 Bg4 6. h3 h5 7. d3 Qf6 8. Nbd2 g5 9. Nc4 Bxf3 10. Qxf3 Qxf3 11. gxf3 f6 12. h4 gxh4 13. f4 b5 14. Na5 exf4 15. Bxf4 Kd7 16. Kg2 Ne7 17. Rh1 Rg8+ 18. Kf3 Ng6 19. Rag1 Bd6 20. Be3 h3 21. Nb7 Nh4+ 22. Ke2 Rxg1 23. Rxg1 Ng2 24. Nxd6 cxd6 25. Rh1 Nxe3 26. Kxe3 Rg8 27. Rxh3 Rg5 28. Kd4 c5+ 29. Ke3 a5 30. Kd2 Rg2 31. Rxh5 Rxf2+ 32. Kc3 b4+ 33. Kb3 a4+ 34. Kxa4 Rxc2 35. Kb3 Rd2 36. Rd5 Kc6 37. a3 f5 38. Rxf5 Rxd3+ 39. Kc2 Re3 40. axb4 cxb4 41. Rf4 Kc5 42. Kd2 Rh3 43. Rg4 Rh2+ 44. Kc1 b3 45. Rg5+ Kc4 46. Rd5 Rc2+ 47. Kb1 Re2 48. Kc1 Re1+ 49. Kd2 Rb1 50. Rxd6 Rxb2+ 51. Kc1 Re2 52. Rd1 Rxe4 53. Rh1 Re2 54. Kb1 Kc3 55. Rh3+ Kb4 56. Rh1 Ka3 57. Ka1 Rd2 1/2-1/2

[Event "London Classic op 10th"]
[Site "London"]
[Date "2018.12.09"]
[Round "1"]
[White "Britton, Richard"]
[Black "Zhao, Haolin"]
[Result "1/2-1/2"]
[WhiteElo "2186"]
[BlackElo "1765"]
[PlyCount "100"]
[EventDate "2018.12.09"]
[EventType "swiss"]
[EventRounds "9"]
[EventCountry "ENG"]
[SourceTitle "CBM 187 Extra"]
[Source "ChessBase"]
[SourceDate "2018.11.04"]
[SourceVersion "1"]
[SourceVersionDate "2018.11.04"]
[SourceQuality "1"]

1. e4 c5 2. Nf3 g6 3. d3 Bg7 4. g3 Nc6 5. Bg2 d6 6. 0-0 Nf6 7. c3 Bg4 8. h3 Bxf3 9. Qxf3 0-0 10. Rd1 Nd7 11. Be3 Rb8 12. Qe2 b5 13. d4 Qc7 14. Na3 b4 15. Nc4 Rfd8 16. Rac1 Na5 17. cxb4 Rxb4 18. Nxa5 Qxa5 19. Bd2 Bxd4 20. a3 Qb5 21. Qxb5 Rxb5 22. b4 Bb2 23. a4 Bxc1 24. axb5 Bxd2 25. Rxd2 cxb4 26. Rb2 Rb8 27. Rxb4 a6 28. Bf1 axb5 29. Rxb5 Rxb5 30. Bxb5 Nc5 31. f3 Kg7 32. Kf2 h5 33. h4 Ne6 34. Ke3 g5 35. hxg5 Nxg5 36. f4 Ne6 37. Be2 Kh6 38. Bd1 Ng7 39. Kd4 Kg6 40. Kd5 Ne8 41. Kc6 Ng7 42. Kd7 Kf6 43. Bf3 Ne6 44. e5+ dxe5 45. fxe5+ Kxe5 46. Kxe7 Ng5 47. Bxh5 f5 48. Bg6 Ne4 49. Bxf5 Kxf5 50. g4+ Kxg4 1/2-1/2

[Event "London Classic op U2050-A 8th"]
[Site "London"]
[Date "2016.12.10"]
[Round "2"]
[White "Zhao, Haolin"]
[Black "Dean, Robert A"]
[Result "1/2-1/2"]
[WhiteElo "1696"]
[BlackElo "1838"]
[PlyCount "119"]
[EventDate "2016.12.09"]
[EventType "swiss"]
[EventRounds "5"]
[EventCountry "ENG"]
[SourceTitle "EXT 2019"]
[Source "ChessBase"]
[SourceDate "2018.10.10"]
[SourceVersion "1"]
[SourceVersionDate "2018.10.10"]
[SourceQuality "1"]

1. e4 e6 2. d4 d5 3. Nd2 Nf6 4. e5 Nfd7 5. c3 c5 6. Bd3 Nc6 7. Ne2 Qb6 8. Nf3 cxd4 9. cxd4 f6 10. exf6 Nxf6 11. 0-0 Bd6 12. b3 Bd7 13. Bb2 0-0 14. Rc1 Rae8 15. Bb1 a5 16. a4 Bb8 17. Ba3 Nb4 18. h3 e5 19. Nxe5 Bxe5 20. dxe5 Rxe5 21. Qd4 Qxd4 22. Nxd4 Ne4 23. Nf3 Ree8 24. Rfd1 Bxh3 25. Bxb4 axb4 26. Bxe4 dxe4 27. Nh2 Be6 28. Rd4 Bxb3 29. Rxb4 Bd5 30. Nf1 Rc8 31. Rxc8 Rxc8 32. Ne3 Bc6 33. Nc4 Rd8 34. Na5 Rd1+ 35. Kh2 Bd5 36. Nxb7 Rd2 37. Kg3 e3 38. fxe3 Rxg2+ 39. Kh3 Re2 40. Nd6 Rxe3+ 41. Kh2 h6 42. a5 Re2+ 43. Kg3 Ra2 44. Rb5 Bc6 45. Rc5 Bh1 46. Ne8 Kf8 47. Nc7 Ke7 48. Rc1 Bb7 49. a6 Bxa6 50. Nd5+ Kf7 51. Rc7+ Kg8 52. Ne7+ Kf7 53. Nf5+ Kf6 54. Nxg7 Ra3+ 55. Kh4 Be2 56. Ne8+ Kg6 57. Re7 Ra4+ 58. Kg3 Bd1 59. Re6+ Kf7 60. Rxh6 1/2-1/2

[Event "BCF-ch U09"]
[Site "Coventry"]
[Date "2015.07.27"]
[Round "6"]
[White "Zhao, Haolin"]
[Black "Shapiro, Noah"]
[Result "1-0"]
[WhiteElo "1559"]
[BlackElo "104"]
[PlyCount "113"]
[EventDate "2015.07.26"]
[EventType "swiss"]
[EventRounds "6"]
[EventCountry "ENG"]
[SourceTitle "EXT 2016"]
[Source "ChessBase"]
[SourceDate "2015.10.08"]
[SourceVersion "1"]
[SourceVersionDate "2015.10.08"]
[SourceQuality "1"]

1. e4 c5 2. Nc3 d6 3. f4 Nc6 4. Nf3 Nf6 5. Bb5 a6 6. Bxc6+ bxc6 7. 0-0 g6 8. d3 Bg7 9. Qe1 0-0 10. Qh4 Bg4 11. h3 Bxf3 12. Rxf3 Qd7 13. Be3 Rab8 14. Rb1 Rfe8 15. g4 Qc7 16. Na4 a5 17. b3 Rb5 18. Rbf1 Rf8 19. f5 Rb7 20. fxg6 fxg6 21. Bh6 Bxh6 22. Qxh6 Qd8 23. h4 Nd7 24. Rxf8+ Nxf8 25. Qf4 Qe8 26. e5 Rd7 27. Re1 Qf7 28. Qxf7+ Kxf7 29. exd6 exd6 30. Nb6 Rc7 31. Nc4 Rd7 32. a4 Ne6 33. Re2 Nd4 34. Rf2+ Ke6 35. Nxa5 Ra7 36. Nc4 d5 37. Nb2 Ke5 38. Kg2 Ra5 39. Kg3 Ra7 40. Kg2 Ra5 41. Nd1 Ra7 42. Ne3 Re7 43. Nd1 Rg7 44. Nc3 Re7 45. Kg3 Rg7 46. g5 Nf5+ 47. Kh3 Rd7 48. Ne2 Rf7 49. Ng3 d4 50. Nxf5 gxf5 51. Kg3 Ra7 52. Re2+ Kd6 53. Kf4 Rf7 54. Re5 Re7 55. Rxe7 Kxe7 56. Kxf5 Kd8 57. Ke4 1-0

[Event "London Golders Green op U1900 5th"]
[Site "London"]
[Date "2015.01.18"]
[Round "5"]
[White "Lim, Peter Yu Chin"]
[Black "Zhao, Haolin"]
[Result "1-0"]
[WhiteElo "1648"]
[BlackElo "1485"]
[PlyCount "107"]
[EventDate "2015.01.17"]
[EventType "swiss"]
[EventRounds "5"]
[EventCountry "ENG"]
[SourceTitle "EXT 2018"]
[Source "ChessBase"]
[SourceDate "2017.10.13"]
[SourceVersion "1"]
[SourceVersionDate "2017.10.13"]
[SourceQuality "1"]

1. e4 c5 2. Nf3 g6 3. d4 cxd4 4. Nxd4 Nc6 5. Nc3 Bg7 6. Be3 Nf6 7. Be2 0-0 8. 0-0 d5 9. exd5 Nxd5 10. Nxd5 Qxd5 11. Bf3 Qd7 12. Nxc6 bxc6 13. Qxd7 Bxd7 14. Rad1 Rfd8 15. c3 Be5 16. Rxd7 Rxd7 17. Bxc6 Rdd8 18. Bxa8 Rxa8 19. Rd1 Bd6 20. c4 Rc8 21. b3 a6 22. Rd5 Kf8 23. g3 Ke8 24. c5 Bc7 25. b4 Rb8 26. a3 a5 27. Bd2 e6 28. Rd3 axb4 29. axb4 Rb5 30. Kg2 h5 31. Kh3 Bb8 32. Bg5 Bc7 33. Rd4 e5 34. Rc4 Kd7 35. f4 Ke6 36. fxe5 Bxe5 37. c6 Rd5 38. Bf4 Bxf4 39. gxf4 Rd3+ 40. Kh4 Rd8 41. c7 Rc8 42. b5 Kd7 43. b6 g5+ 44. Kxg5 Kd6 45. h3 Kd7 46. Kxh5 Kd6 47. Kg4 Kd7 48. Kf5 Kd6 49. b7 Kd7 50. b8Q Rxb8 51. cxb8Q f6 52. Qc7+ Ke8 53. Kxf6 Kf8 54. Qd8# 1-0

[Event "London Golders Green op U1900 5th"]
[Site "London"]
[Date "2015.01.18"]
[Round "4"]
[White "Zhao, Haolin"]
[Black "Pride, Stephen C"]
[Result "1/2-1/2"]
[WhiteElo "1485"]
[BlackElo "1658"]
[PlyCount "47"]
[EventDate "2015.01.17"]
[EventType "swiss"]
[EventRounds "5"]
[EventCountry "ENG"]
[SourceTitle "EXT 2018"]
[Source "ChessBase"]
[SourceDate "2017.10.13"]
[SourceVersion "1"]
[SourceVersionDate "2017.10.13"]
[SourceQuality "1"]

1. e4 d6 2. d4 Nf6 3. Nc3 Nc6 4. h3 e5 5. Nf3 exd4 6. Nxd4 Be7 7. Be3 Nxd4 8. Qxd4 c6 9. Qd2 Bd7 10. Bd3 Qa5 11. a3 0-0 12. 0-0 Rfe8 13. f3 Rad8 14. Ne2 Qxd2 15. Bxd2 Bc8 16. Nc3 d5 17. exd5 Nxd5 18. Nxd5 Rxd5 19. Be3 Bc5 20. Bxc5 Rxc5 21. Rfe1 Rce5 22. Kf2 Kf8 23. Rxe5 Rxe5 24. Re1 1/2-1/2

[Event "London Golders Green op U1900 5th"]
[Site "London"]
[Date "2015.01.17"]
[Round "2"]
[White "O'Gorman, Brendan"]
[Black "Zhao, Haolin"]
[Result "1/2-1/2"]
[WhiteElo "1783"]
[BlackElo "1485"]
[PlyCount "85"]
[EventDate "2015.01.17"]
[EventType "swiss"]
[EventRounds "5"]
[EventCountry "ENG"]
[SourceTitle "EXT 2018"]
[Source "ChessBase"]
[SourceDate "2017.10.13"]
[SourceVersion "1"]
[SourceVersionDate "2017.10.13"]
[SourceQuality "1"]

1. Nf3 c5 2. c4 Nf6 3. Nc3 Nc6 4. d4 cxd4 5. Nxd4 g6 6. e4 d6 7. Be2 Nxd4 8. Qxd4 Bg7 9. Be3 0-0 10. Qd2 Be6 11. 0-0 Qc7 12. b3 Ng4 13. Bxg4 Bxg4 14. Rac1 Be6 15. Nd5 Qd7 16. Rc2 Bxd5 17. cxd5 b6 18. Rc6 Rab8 19. Rfc1 Rb7 20. Qc2 f6 21. a4 Rfb8 22. Rc7 Rxc7 23. Qxc7 Rb7 24. Qxd7 Rxd7 25. b4 Rb7 26. Rc6 f5 27. f3 fxe4 28. fxe4 Be5 29. Bh6 Bg7 30. Be3 Be5 31. g3 Kf7 32. Kf2 e6 33. Kf3 exd5 34. exd5 h5 35. Bg5 Rd7 36. Ke4 Bf6 37. Bf4 Ke7 38. h4 Bg7 39. Bg5+ Bf6 40. Bxf6+ Kxf6 41. Kf4 Kf7 42. Kg5 Kg7 43. b5 1/2-1/2

[Event "London Golders Green op U1900 4th"]
[Site "London"]
[Date "2014.08.24"]
[Round "4"]
[White "Crouch, Timothy J"]
[Black "Zhao, Haolin"]
[Result "1/2-1/2"]
[WhiteElo "1663"]
[BlackElo "1353"]
[PlyCount "21"]
[EventDate "2014.08.23"]
[EventType "swiss"]
[EventRounds "6"]
[EventCountry "ENG"]
[SourceTitle "EXT 2018"]
[Source "ChessBase"]
[SourceDate "2017.10.13"]
[SourceVersion "1"]
[SourceVersionDate "2017.10.13"]
[SourceQuality "1"]

1. e4 c5 2. Nc3 g6 3. b3 Bg7 4. Bb2 Nc6 5. Nf3 Nf6 6. Nd5 0-0 7. Bc4 Nxd5 8. Bxg7 Kxg7 9. Bxd5 e6 10. Bxc6 bxc6 11. 0-0 1/2-1/2

[Event "BCF-ch U10"]
[Site "Aberystwyth"]
[Date "2014.07.29"]
[Round "3"]
[White "Zhao, Haolin"]
[Black "Ratnesan, Ranesh"]
[Result "0-1"]
[WhiteElo "115"]
[BlackElo "105"]
[PlyCount "76"]
[EventDate "2014.07.28"]
[EventType "swiss"]
[EventRounds "7"]
[EventCountry "WLS"]
[SourceTitle "EXT 2017"]
[Source "ChessBase"]
[SourceDate "2016.10.25"]
[SourceVersion "1"]
[SourceVersionDate "2016.10.25"]
[SourceQuality "1"]

1. e4 d5 2. exd5 Qxd5 3. Nc3 Qd6 4. Nf3 Nf6 5. d4 Bg4 6. Be2 c6 7. Be3 e6 8. Qd2 Qc7 9. h3 Bh5 10. Bf4 Bd6 11. Bxd6 Qxd6 12. 0-0-0 Nbd7 13. Rdg1 0-0-0 14. g4 Bg6 15. Qe3 Nd5 16. Nxd5 exd5 17. Bd1 Rhe8 18. Qd2 h6 19. Re1 Be4 20. Re3 Qf6 21. Kb1 Re7 22. Rf1 Rde8 23. a3 Nf8 24. Ka2 Ne6 25. Rg1 Bxf3 26. Bxf3 Qxd4 27. Qa5 Nc5 28. Qb4 Qxb4 29. axb4 Ne4 30. Bg2 Kc7 31. c3 Nd2 32. Rd1 Nc4 33. Red3 Re2 34. Kb1 Rxb2+ 35. Ka1 Ree2 36. Bf1 Ra2+ 37. Kb1 Na3+ 38. Kc1 Rec2# 0-1